| 000 | 00509nam a2200181 a 4500 | ||
|---|---|---|---|
| 005 | 20210223124551.0 | ||
| 008 | 020201s1998 ea r 000 0 eng d | ||
| 020 | _a0534345603 | ||
| 035 | _aUPN01000115483 | ||
| 049 | _aCG | ||
| 050 | 4 |
_aRC455.4 E8 _bC3.5 |
|
| 100 | 1 |
_aCastillo, Richard J., _d1951- _937112 |
|
| 245 | 1 | 0 |
_aMeanings of madness / _cRichard J. Castillo. |
| 260 |
_aPacific Grove [E.U.A.] : _bBrooks/Cole, _c1998. |
||
| 300 | _a287 p. | ||
| 650 | 4 |
_aPSIQUIATRIA CULTURAL _96976 |
|
| 905 | _aLibro | ||
| 999 |
_c88820 _d88820 |
||